• 首页
  • 本馆介绍
  • 公告通知
  • 最新文献
  • 馆藏检索
  • 电子资源
  • 读者导购
  • 参考咨询
  • 我的图书馆
  • 登录
  • 详细信息显示
  • 放入我的书架
  • 预约/预借图书
  • 作者相关作品
  • 分类相关作品
  • 丛书相关作品
  • 出版社相关作品

书目信息

  • 表格格式
  • 工作单格式
  • 卡片格式
题名:
齿轮箱复合故障诊断方法研究
    
 
作者: 王志坚 编著
分册:  
出版信息: 北京   兵器工业出版社  2017.08
页数: 146页
开本: 26cm
丛书名:
单 册:
中图分类: U260.332
科图分类:
主题词: 齿轮箱--故障诊断
电子资源:
ISBN: 978-7-5181-0343-0
000 00838nam0 2200217 450
001 5059
005 20181014091123.70
010    @a978-7-5181-0343-0@dCNY48.00
100    @a20180217d2017 em y0chiy50 ea
101 0  @achi
102    @aCN@b110000
105    @aa z 000yy
200 1  @a齿轮箱复合故障诊断方法研究@9chi lun xiang fu he gu zhang zhen duan fang fa yan jiu@f王志坚编著
210    @a北京@c兵器工业出版社@d2017.08
215    @a146页@c图@d26cm
330    @a本书把齿轮箱作为研究对象,以近几年比较新的降噪方法作为研究手段,同时以齿轮箱复合故障作为研究目标,对强背景噪声环境下,从复合故障振动信号中准确的提取故障特征信息,进一步对故障特征进行分离进行了深入的研究。
606 0  @a齿轮箱@x故障诊断
690    @aU260.332@v5
701  0 @a王志坚@9wang zhi jian@4编著
801  0 @aCN@b91MARC@c20180217
905    @aMuseLib@dU260.332@e776
    
    齿轮箱复合故障诊断方法研究/王志坚编著.-北京:兵器工业出版社,2017.08
    146页:图;26cm
    
    
    ISBN 978-7-5181-0343-0:CNY48.00
    本书把齿轮箱作为研究对象,以近几年比较新的降噪方法作为研究手段,同时以齿轮箱复合故障作为研究目标,对强背景噪声环境下,从复合故障振动信号中准确的提取故障特征信息,进一步对故障特征进行分离进行了深入的研究。
●
相关链接 在E读中查询图书 在五车中查询图书 在当当中查询图书 在豆瓣中查询图书


正题名:齿轮箱复合故障诊断方法研究     索取号:U260.332/776         预约/预借

序号 登录号 条形码 馆藏地/架位号 状态 备注
1 1127924   211279249   第二样本阅览室/ [索取号:U260.332/776] 在馆    
2 1127925   211279258   第三借阅区/ [索取号:U260.332/776] 在馆    
3 1127926   211279267   第三借阅区/ [索取号:U260.332/776] 在馆    
4 1127927   211279276   密集书库-物理学院/ [索取号:U260.332/776] 在馆    
5 1127928   211279285   第三借阅区/ [索取号:U260.332/776] 在馆    
唐山师范学院图书馆 欢迎您!
大连网信软件有限公司© 版权所有